| 000 | 00718cam a2200253 a 4500 | ||
|---|---|---|---|
| 001 | 000018639 | ||
| 005 | 20200929165832.0 | ||
| 008 | 801112s19uu sp 000 e spa d | ||
| 035 | _a(DLC) 17000378 | ||
| 035 | _a(OCoLC)6929720 | ||
| 040 |
_aDO-SdBNP _cOCl _dDLC _dBNPHU |
||
| 082 |
_aN864.3 _bD218r, 1920 |
||
| 100 | 1 |
_aDarío, Rubén, _d1867-1916 _915535 |
|
| 245 | 1 | 4 |
_aLos raros / _cRubén Darío. |
| 250 | _a4a ed. | ||
| 260 |
_aBarcelona : _bMaucci, _c19??. |
||
| 300 |
_avi, 247 p. ; _c19 cm. |
||
| 650 | 4 |
_aEnsayos nicaragüenses _922333 |
|
| 650 | 4 |
_aPoesía nicaragüense _98179 |
|
| 650 | 4 |
_aLiteratura nicaragüense _98122 |
|
| 910 | _aWM | ||
| 910 | _aCatalogación derivada / LC | ||
| 049 | _aBNGR | ||
| 999 |
_c18159 _d18159 |
||